| 000 | 00831nam a22002297a 4500 | ||
|---|---|---|---|
| 999 |
_c20565 _d20565 |
||
| 003 | AR-CdUCM | ||
| 008 | 190531b ||||| |||| 00| 0 spa d | ||
| 040 |
_aMUNICIPALIDAD PROVINCIAL DEL CUSCO _cBIBLIOTECA MUNICIPAL DEL CUSCO |
||
| 041 | _heng | ||
| 082 |
_a335.494 / _bL38 |
||
| 100 |
_aLefranc, Georges _914346 |
||
| 245 | _aHistoria de las doctrinas sociales en la Europa contemporánea / | ||
| 260 |
_aBarcelona : _bAriel, _c1964. |
||
| 300 |
_a456 páginas ; _c19 cm. |
||
| 440 |
_aDemos colección de ciencias sociales _942994 |
||
| 505 | _aContenido: Toma de conciencia del problema social -- El envite comunista -- La respuesta de la historia. | ||
| 650 |
_aHistoria _9136 |
||
| 650 |
_aComunismo _9495 |
||
| 700 |
_aPelauzy, María Antonia (traducción) _942995 |
||
| 942 |
_2ddc _cLIBROS |
||
| 945 |
_adavv _d2019-05-31 |
||